000 00845nac a22002657a 4500
001 BR8602494
003 BR-BrBNA
005 20240105120422.0
008 230509b bl.|||m| |||| 00| 0 por d
040 _aBR-BrBNA
_bpor
_cBiblioteca Nacional de Agricultura
072 _aJ11
090 _aJ11 BR8602494
110 1 _aServico Nacional de Formacao Profissional Rural, Brasilia, DF (Brasil)
_99371
245 1 _aTratamento de graos para armazenamento
260 3 _aBrasilia, DF (Brasil):
_c1985.
300 _a31 p.
490 _aSerie Aprender a Fazer - Servico Nacional de Formacao Profissional Rural (Brazil)
_vno. 14
_x
650 _aTECNOLOGIA APROPRIADA
650 _aARMAZENAMENTO
650 _aESTOCAGEM
650 _aGRAO
650 _aTRATAMENTO
909 _a202312
_bLúcia Elande
_c55
_dLúcia Elande
942 _2AGRIS
_n0
_cMS
999 _c279336
_d279336